| 000 | 00610nam a22001937a 4500 | ||
|---|---|---|---|
| 005 | 20251108172435.0 | ||
| 008 | 250721s1998 xx 000 0 ara d | ||
| 082 | 1 | 4 | _a306.85/عبد |
| 100 | 1 | _aعبدالحميد، أحمد يحيى | |
| 245 | 1 | 0 | _aالأسرة و البيئة / |
| 264 | 1 |
_aالإسكندرية : _bالمكتب الجامعي الحديث، _c1998. |
|
| 300 | _a141ص. | ||
| 650 | 1 | 7 | _aبيئة الأسرة |
| 650 | 1 | 7 | _aالعلاقات داخل الأسرة |
| 650 | 1 | 7 | _aالهيكلالإجتماعي |
| 650 | 1 | 7 | _aتنظيم الأسرة |
| 942 |
_2ddc _cBK |
||
| 999 |
_c79402 _d79402 |
||